A la heroica memoria de Fernando Villaamil. (Record no. 125627)

MARC details
000 -LEADER
campo de control de longitud fija 00632nam a2200181 i 4500
001 - NÚMERO DE CONTROL
campo de control 125627
003 - IDENTIFICADOR DE NÚMERO DE CONTROL
campo de control ES-MaACL
005 - FECHA Y HORA DE LA ÚLTIMA TRANSACCIÓN
campo de control 20250905141231.0
007 - CAMPO FIJO DE DESCRIPCIÓN FÍSICA--INFORMACIÓN GENERAL
campo de control de longitud fija t|
008 - DATOS DE LONGITUD FIJA--INFORMACIÓN GENERAL
campo de control de longitud fija 070621s1902 sp ||||1| spa d
245 00 - MENCIÓN DEL TÍTULO
Título A la heroica memoria de Fernando Villaamil.
260 ## - PUBLICACIÓN, DISTRIBUCIÓN, ETC.
Lugar de publicación, distribución, etc. Valencia :
Nombre del editor, distribuidor, etc. La Pequeña Industria,
Fecha de publicación, distribución, etc. 1902.
300 ## - DESCRIPCIÓN FÍSICA
Extensión P. 337-372 :
Otras características físicas il. ;
Dimensiones 25 cm.
500 ## - NOTA GENERAL
Nota general Separata de: "La Pequeña Industria : la revista popular de electricidad", Valencia, nº 22-23, 1 de febrero de 1902.
600 14 - PUNTO DE ACCESO ADICIONAL DE MATERIA--NOMBRE DE PERSONA
Nombre de persona Villaamil, Fernando,
Fechas asociadas al nombre 1845-1898-
Subdivisión de forma Homenajes
9 (RLIN) 114900
852 ## - LOCALIZACIÓN
Ubicación ES-MaACL
Número de control de estantería T-1029-F-9
Holdings
Estatus retirado Estado de pérdida Estado de daño No para préstamo Colección Biblioteca de origen Biblioteca actual Ubicación en estantería Fecha de adquisición Fuente de adquisición Total de préstamos Signatura topográfica completa Código de barras Visto por última vez Precio de reemplazo Tipo de ítem Koha
        Colección de folletos Biblioteca del Ateneo de Madrid Biblioteca del Ateneo de Madrid Depósito folletos 17/01/2008     T-1029-F-9 1130866 23/02/2023 23/02/2023 Folleto